书目信息 |
| 题名: |
切尔诺贝利
|
|
| 作者: | 浦洛基 著 ;宋虹 , 崔瑞 译 | |
| 分册: | ||
| 出版信息: | 广州 广东人民出版社 2020 |
|
| 页数: | 410页 | |
| 开本: | 21cm | |
| 丛书名: | ||
| 单 册: | ||
| 中图分类: | K511.35 | |
| 科图分类: | ||
| 主题词: | ||
| 电子资源: | ||
| ISBN: | 978-7-218-13193-1 | |
| 000 | 01305cam0 2200265 450 | |
| 001 | 2251553552 | |
| 005 | 20220930142015.69 | |
| 010 | @a978-7-218-13193-1@b精装@dCNY68.00 | |
| 100 | @a20200911d2020 em y0chiy50 ea | |
| 101 | 1 | @achi@ceng |
| 102 | @aCN@b440000 | |
| 105 | @aa z 000yy | |
| 200 | 1 | @a切尔诺贝利@9qie er nuo bei li@e一部悲剧史@dChernobyl: the history of a nuclear catastrophe@f(美)沙希利·浦洛基(Serhii Plokhy)著@g宋虹,崔瑞译@zeng |
| 210 | @a广州@c广东人民出版社@d2020 | |
| 215 | @a410页@c图@d21cm | |
| 330 | @a《切尔诺贝利:一部悲剧史》是哈佛大学教授沙希利?浦洛基全新力作,是关于切尔诺贝利核灾难及其地缘政治影响的权威史学作品。浦洛基教授利用新近公开的政府档案,结合大量幸存者的访谈素材,详尽叙述了切尔诺贝利事件的背景、起因、过程、后续,及其对人类与自然、对国际社会所造成的深远影响。全书涉及400多个人物,上至国家领导人,下到平民百姓,所有被卷入这场核灾难的各色人等都被描述,所有响亮和微弱的声音均被记录,所有模糊和片面的认识都被厘清。 | |
| 510 | 1 | @aChernobyl : the history of a nuclear catastrophe@zeng |
| 517 | 1 | @a一部悲剧史@9yi bu bei ju shi |
| 607 | @a乌克兰@x现代史 | |
| 690 | @aK511.35@v5 | |
| 701 | 1 | @c(美)@a浦洛基@9pu luo ji@gPlokhy, Serhii@4著 |
| 702 | 0 | @a宋虹@9song hong@4译 |
| 702 | 0 | @a崔瑞@9cui rui@4译 |
| 801 | 0 | @aCN@b91MARC@c20200911 |
| 905 | @aZUCC@dK511.35@e1 | |
| 切尔诺贝利:一部悲剧史=Chernobyl: the history of a nuclear catastrophe/(美)沙希利·浦洛基(Serhii Plokhy)著/宋虹,崔瑞译.-广州:广东人民出版社,2020 |
| 410页:图;21cm |
| ISBN 978-7-218-13193-1(精装):CNY68.00 |
| 《切尔诺贝利:一部悲剧史》是哈佛大学教授沙希利?浦洛基全新力作,是关于切尔诺贝利核灾难及其地缘政治影响的权威史学作品。浦洛基教授利用新近公开的政府档案,结合大量幸存者的访谈素材,详尽叙述了切尔诺贝利事件的背景、起因、过程、后续,及其对人类与自然、对国际社会所造成的深远影响。全书涉及400多个人物,上至国家领导人,下到平民百姓,所有被卷入这场核灾难的各色人等都被描述,所有响亮和微弱的声音均被记录,所有模糊和片面的认识都被厘清。 |
| ● |
| 相关链接 |
|
|
|
正题名:切尔诺贝利
索取号:K511.35/1
 
预约/预借
| 序号 | 登录号 | 条形码 | 馆藏地/架位号 | 状态 | 备注 |
| 1 | 2000908591 | 2000908591 | 第三书库/ [索取号:K511.35/1] | 在馆 | |
| 2 | 2000908592 | 2000908592 | 第三书库/ [索取号:K511.35/1] | 在馆 | |
| 3 | 2000908593 | 2000908593 | 第三书库/ [索取号:K511.35/1] | 在馆 |